000 00414nam a2200169Ia 4500
003 LK-CoDNM
005 20240925092601.0
008 010623t1913 xxu||||| |||| 00| 1 eng d
040 _aLK-CoDNM
_dLK-CoDNM
_eLK-CoDNM
041 _aeng
080 _a22
_bA26
100 _aFrancis, M.G.
245 _aHistory of Ceylon
260 _bThe Codialbail press
_aMangalore
_c1913
300 _b688p. ; 24 cm
942 _cBK
999 _c87697
_d87697